Ajanta : Ajaqnta painting of the sacred and the secular
Đã lưu trong:
| Hovedforfatter: | |
|---|---|
| Format: | Bog |
| Sprog: | Undetermined |
| Udgivet: |
Lausane, Switzerland
EDITA
1965
|
| Fag: | |
| Tags: |
Tilføj Tag
Ingen Tags, Vær først til at tagge denne postø!
|
| Thư viện lưu trữ: | Trung tâm Học liệu Trường Đại học Cần Thơ |
|---|
| LEADER | 00567nam a2200205Ia 4500 | ||
|---|---|---|---|
| 001 | CTU_104625 | ||
| 008 | 210402s9999 xx 000 0 und d | ||
| 020 | |c 52.5 | ||
| 082 | |a 759.954 | ||
| 082 | |b S617 | ||
| 100 | |a Singh, Madanjeet | ||
| 245 | 0 | |a Ajanta : | |
| 245 | 0 | |b Ajaqnta painting of the sacred and the secular | |
| 245 | 0 | |c Madanjeet Singh | |
| 260 | |a Lausane, Switzerland | ||
| 260 | |b EDITA | ||
| 260 | |c 1965 | ||
| 650 | |a Painting, India,Hội họa, Ấn Độ | ||
| 904 | |i Minh | ||
| 980 | |a Trung tâm Học liệu Trường Đại học Cần Thơ | ||